LEADER 01162nam a2200277 i 4500 001 000000099044 003 CaOOAMICUS 005 20170411000000.0 008 170411s1988 it u000 u ita u 013 $a71196 020 $a88-315-0105-4 040 $aSeMil$bita 100 1 $aIustinus,$c.$0(OLS)http://semarc/name/89704 245 10$aDialogo con Trifone /$cS. Giustino ; introduzione, traduzione e note di Giuseppe Visoną. 260 $aTorino :$bPaoline,$c1988. 300 $a409 p. ;$c20 cm. 490 0 $aLetture cristiane del primo millennio ;$v5 650 4$aCristologia.$0(OLS)http://semarc/subject/173 700 1 $aVisoną, Giuseppe,$d<1951- >.$0(OLS)http://semarc/name/43 830 0$aLetture cristiane del primo millennio ;$v5.$0(OLS)http://semarc/title/7869 850 $aSeMil 852 $aSeMil$W1$xVenegono$y1$m2NA H 5$j260164$B56695$CSeMilBibl$Z2$F66555 $81 961 $aRecupero: Seminario di Seveso 996 $6020$a88-315-0105-4$9(OLS)http://semarc/number/79240 996 $6245$aDialogo con Trifone$9(OLS)http://semarc/title/406416 996 $6260$aTorino :$bPaoline$9(OLS)http://semarc/publisher/31248 LEADER 01436nam a2200301 i 4500 001 000000119851 003 CaOOAMICUS 005 20031106000000.0 008 031106s1989 it u000 u ita u 013 $a92545 020 $a88-01-12000-1 040 $aSeMil$bita 100 1 $aGioventł Operaia Cattolica .$0(OLS)http://semarc/name/46939 245 12$aL'educazione solidale :$bitinerari di crescita umana e di evangelizzazione con i giovani del mondo operaio e popolare /$cGioventł Operaia Cristiana. 260 $aLeumann (Torino) :$bElle Di Ci,$ccopyr. 1989. 300 $a263 p. :$bill., grafici, tabelle ;$c21 cm. 490 0 $aLavoratori, societą, Chiesa 500 $aFondo Card. C.M. Martini. 650 4$aGiovani - Educazione.$0(OLS)http://semarc/subject/5681 650 4$aLavoratori - Evangelizzazione.$0(OLS)http://semarc/subject/20119 830 0$aLavoratori, societą, Chiesa.$0(OLS)http://semarc/title/11445 850 $aSeMil 852 $aSeMil$W1$xVenegono$y1$m3E I 64$j75058$B75058$CSeMilBibl$Z2$F93010 $81 941 1 $a4 961 $aOmaggio: Martini Card. Carlo Maria 996 $6020$a88-01-12000-1$9(OLS)http://semarc/number/104893 996 $6245$aL'educazione solidale :$bitinerari di crescita umana e di evangelizzazione con i giovani del mondo operaio e popolare$9(OLS)http://semarc/title/176254 996 $6260$aLeumann (Torino) :$bElle Di Ci$9(OLS)http://semarc/publisher/29809